Akibat tidak sabar

Bibliographic Details
Main Author: Ghazali Ngah Azia
Format: Book
Published: Petaling Jaya : Oscar Book International , 1995
Subjects:

MARC

LEADER 00000cam a2200000 7i4500
001 0000008709
002 000009489
005 20000330.0
020 |a 9679412814 
090 0 0 |a JF   |b GHA 
100 0 |a Ghazali Ngah Azia 
245 1 0 |a Akibat tidak sabar   |c Ghazali Ngah Azia 
260 |a Petaling Jaya :   |b Oscar Book International ,   |c 1995 
300 |a 73p. :   |b ill. ;   |c 18cm. 
650 0 0 |a Children's stories, Malay 
999 |a 040496   |b BUKU   |c PINJAMAN   |e PERPUSTAKAAN KOMUNITI PETALING JAYA